| 000 | 00320nam a22000977a 4500 | ||
|---|---|---|---|
| 040 | _cRUA | ||
| 082 | _aLMA MAR 2004 C227 Or. | ||
| 245 | _aHandout on : Toward a National Spatial Data Infrastructure, Geoinformation based on Satellite Data, New Technology in Geoinformation. | ||
| 260 |
_aphnom penh _brua _c2004 |
||
| 942 | _cEK | ||
| 999 |
_c21352 _d21352 |
||